Statistics for Countries That Have the Letter U as the 2nd Letter in Their Name

Click here to take the quiz!

General Stats

  • This quiz has been taken 92 times
  • The average score is 15 of 20

Answer Stats

Answer % Correct
Austria
93%
Australia
93%
Burundi
81%
Bulgaria
79%
Guinea
79%
Guyana
78%
Turkey
78%
Russia
76%
Hungary
76%
Tuvalu
76%
Guinea-Bissau
76%
Turkmenistan
73%
Suriname
72%
Kuwait
69%
Sudan
67%
Cuba
64%
Tunisia
64%
Burkina Faso
64%
Guatemala
57%
Luxembourg
49%

Score Distribution

Percentile by Number Answered

Percent of People with Each Score

Your Score History

You have not taken this quiz